Asterisk : (Record no. 1262)
[ view plain ]
| 000 -LEADER | |
|---|---|
| fixed length control field | 00777nam a22002412 4500 |
| 001 - CONTROL NUMBER | |
| control field | 0000021532 |
| 005 - DATE AND TIME OF LATEST TRANSACTION | |
| control field | 20151021151142.0 |
| 008 - FIXED-LENGTH DATA ELEMENTS--GENERAL INFORMATION | |
| fixed length control field | 120713s xx 000 0 eng d |
| 020 ## - INTERNATIONAL STANDARD BOOK NUMBER | |
| International Standard Book Number | 0596510480 : |
| 040 ## - CATALOGING SOURCE | |
| Original cataloging agency | KABU |
| Transcribing agency | KABU |
| 100 1# - MAIN ENTRY--PERSONAL NAME | |
| Personal name | Meggelen, Jim Van. |
| -- | 0000182452 |
| 245 10 - TITLE STATEMENT | |
| Title | Asterisk : |
| Remainder of title | the future of telephony / |
| Statement of responsibility, etc. | Jim Van Meggelen, Leif Madsen, and Jared Smith. |
| 250 ## - EDITION STATEMENT | |
| Edition statement | 2nd ed. |
| 260 ## - PUBLICATION, DISTRIBUTION, ETC. (IMPRINT) | |
| Place of publication, distribution, etc. | Cambridge : |
| Name of publisher, distributor, etc. | O'Reilly, |
| Date of publication, distribution, etc. | 2007. |
| 300 ## - PHYSICAL DESCRIPTION | |
| Extent | xxv, 574 p. |
| 650 #0 - SUBJECT ADDED ENTRY--TOPICAL TERM | |
| Topical term or geographic name as entry element | Asterisk (Computer file) |
| -- | 0000182453 |
| 650 #0 - SUBJECT ADDED ENTRY--TOPICAL TERM | |
| Topical term or geographic name as entry element | Internet telephony. |
| -- | 0000156384 |
| 700 1# - ADDED ENTRY--PERSONAL NAME | |
| Personal name | Madsen, Jim. |
| -- | 0000182454 |
| 700 1# - ADDED ENTRY--PERSONAL NAME | |
| Personal name | Smith, Jared. |
| -- | 0000182455 |
| 852 1# - LOCATION | |
| -- | p500 KES |
| 908 ## - PUT COMMAND PARAMETER (RLIN) | |
| Put command parameter | 120713 |
| 950 ## - LOCAL HOLDINGS (RLIN) | |
| -- | 1 |
| Withdrawn status | Lost status | Source of classification or shelving scheme | Not for loan | Home library | Current library | Date acquired | Total Checkouts | Full call number | Barcode | Date last seen | Price effective from | Koha item type |
|---|---|---|---|---|---|---|---|---|---|---|---|---|
| Library of Congress Classification | Kabarak, Main Campus | Kabarak, Main Campus | 17/12/2015 | TK5105.8865 .M44 2007 c. 1 | 013430 | 17/12/2015 | 17/12/2015 | General Collection | ||||
| Library of Congress Classification | Kabarak, Main Campus | Kabarak, Main Campus | 17/12/2015 | TK5105.8865 .M44 2007 c. 2 | 013434 | 17/12/2015 | 17/12/2015 | General Collection | ||||
| Library of Congress Classification | Kabarak, Nakuru City Campus | Kabarak, Nakuru City Campus | 21/10/2015 | TK5105.8865 .M44 2007 c. 1 | 013435 | 21/10/2015 | 21/10/2015 | General Collection |